<?xml version="1.0" encoding="UTF-8"?><?xml-stylesheet type="text/xsl" href="static/style.xsl"?><OAI-PMH xmlns="http://www.openarchives.org/OAI/2.0/" xmlns:xsi="http://www.w3.org/2001/XMLSchema-instance" xsi:schemaLocation="http://www.openarchives.org/OAI/2.0/ http://www.openarchives.org/OAI/2.0/OAI-PMH.xsd"><responseDate>2026-04-17T03:12:13Z</responseDate><request verb="GetRecord" identifier="oai:www.recercat.cat:2072/474924" metadataPrefix="marc">https://recercat.cat/oai/request</request><GetRecord><record><header><identifier>oai:recercat.cat:2072/474924</identifier><datestamp>2024-11-04T07:41:59Z</datestamp><setSpec>com_2072_98</setSpec><setSpec>col_2072_378192</setSpec></header><metadata><record xmlns="http://www.loc.gov/MARC21/slim" xmlns:dcterms="http://purl.org/dc/terms/" xmlns:xsi="http://www.w3.org/2001/XMLSchema-instance" xmlns:doc="http://www.lyncode.com/xoai" xsi:schemaLocation="http://www.loc.gov/MARC21/slim http://www.loc.gov/standards/marcxml/schema/MARC21slim.xsd">
   <leader>00925njm 22002777a 4500</leader>
   <datafield ind2=" " ind1=" " tag="042">
      <subfield code="a">dc</subfield>
   </datafield>
   <datafield ind2=" " ind1=" " tag="720">
      <subfield code="a">Villalba, Xavier</subfield>
      <subfield code="e">author</subfield>
   </datafield>
   <datafield ind2=" " ind1=" " tag="260">
      <subfield code="c">2024</subfield>
   </datafield>
   <datafield ind2=" " ind1=" " tag="520">
      <subfield code="a">Altres ajuts: acords transformatius de la UAB</subfield>
   </datafield>
   <datafield ind2=" " ind1=" " tag="520">
      <subfield code="a">In this paper I will analyze the set of markers that have been associated with exclamative sentencetype and exclamations in Romance, like Catalan ma, mira, que, and si, Italian guarda and che, or Spanish mira, que, si, and vaya. The hypothesis I will defend is that the meaning encoded by each of these markers contribute to create an exclamation speech act. I will show that we must first distinguish mirative markers like ma, mira or guarda, which encode the surprise attitude of the speaker towards a proposition. A second class of elements are degree operators, like si, which create the necessary domain extension on which the attitude of the speaker is built. Finally, I will show that que/che is a marker of exclamative sentence-type. In the second part of the article I will show that these pragmatic differences have a transparent reflex in syntax: mirative markers occupy the Judge Phrase position in Krifka's Speech Act Layer, above ForceP and vocatives, so they may combine with different sentence-types, besides exclamatives. In ForceP we find degree operators (and exclamative wh-phrases) in its specifier, and the sentence-type marker que/che in its head. All in all, the paper aims at showing that a compositional approach to exclamativity can deal with the rich set of pragmatic and syntactic properties of exclamative markers in Romance.</subfield>
   </datafield>
   <datafield ind1="8" ind2=" " tag="024">
      <subfield code="a">http://hdl.handle.net/2072/474924</subfield>
   </datafield>
   <datafield tag="653" ind2=" " ind1=" ">
      <subfield code="a">Discourse markers</subfield>
   </datafield>
   <datafield tag="653" ind2=" " ind1=" ">
      <subfield code="a">Exclamative sentences</subfield>
   </datafield>
   <datafield tag="653" ind2=" " ind1=" ">
      <subfield code="a">Mirativity</subfield>
   </datafield>
   <datafield tag="653" ind2=" " ind1=" ">
      <subfield code="a">Exclamative particles</subfield>
   </datafield>
   <datafield ind2="0" ind1="0" tag="245">
      <subfield code="a">Romance exclamative markers at the syntax-pragmatics interface : A compositional approach to exclamativity</subfield>
   </datafield>
</record></metadata></record></GetRecord></OAI-PMH>